000 00549nam a2200193 i 4500
001 50672
003 ES-MaACL
005 20260303063012.0
007 t|
008 030806s1976 sp ||||1| spa d
100 0 _aCucó, Alfons
_941958
245 1 0 _aEstatutismo y valencianismo /
_cAlfonso Cuco.
260 _aValencia :
_bFernando Torres,
_c[1976]
300 _a114 p. ;
_c18 cm.
490 1 _aInterdisciplinar ;
_v28
830 0 _aInterdisciplinar ;
_v28
_9182330
852 _aES-MaACL
_jA-5715
_bR.94638
999 _c50672
_d50672